书目信息 |
| 题名: |
写电影剧本的几个问题
|
|
| 作者: | 夏衍 著 | |
| 分册: | ||
| 出版信息: | 上海 复旦大学出版社 2004 |
|
| 页数: | 188页 | |
| 开本: | 21cm | |
| 丛书名: | 经典新读文学课堂 | |
| 单 册: | ||
| 中图分类: | I053.5 | |
| 科图分类: | ||
| 主题词: | 电影文学剧本 , 创作方法 , 电影文学剧本--创作方法 | |
| 电子资源: | ||
| ISBN: | 7-309-04090-2 | |
| 000 | 00870oam2 2200277 450 | |
| 001 | 002727472 | |
| 005 | 20061107082400.62 | |
| 010 | @a7-309-04090-2@dCNY12.00 | |
| 100 | @a20040802d2004 em y0chiy0110 ea | |
| 101 | 0 | @achi |
| 102 | @aCN@b310000 | |
| 105 | @aa z 000yy | |
| 200 | 1 | @a写电影剧本的几个问题@9xie dian ying ju ben de ji ge wen ti@f夏衍著 |
| 210 | @a上海@c复旦大学出版社@d2004 | |
| 215 | @a188页@c图@d21cm | |
| 225 | 2 | @a经典新读文学课堂 |
| 308 | @a丛书第一辑 | |
| 330 | @a本书是作者介绍电影剧本写作常识的入门性读物,内容涉及人物、结构、对话、艺术技巧等诸多最基本的常识性问题。 | |
| 461 | 0 | @12001 @a经典新读文学课堂 |
| 606 | 0 | @a电影文学剧本 |
| 606 | 0 | @a创作方法 |
| 606 | 0 | @a电影文学剧本@x创作方法 |
| 690 | @aI053.5@v4 | |
| 701 | 0 | @a夏衍@9xia yan@f(1900.10~1995.2)@4著 |
| 801 | 0 | @aCN@bNLC@c20061107 |
| 905 | @a10447@dI053.5@e147≈2 | |
| 写电影剧本的几个问题/夏衍著.-上海:复旦大学出版社,2004 |
| 188页:图;21cm.-(经典新读文学课堂) |
| ISBN 7-309-04090-2:CNY12.00 |
| 本书是作者介绍电影剧本写作常识的入门性读物,内容涉及人物、结构、对话、艺术技巧等诸多最基本的常识性问题。 |
| ● |
| 相关链接 |
|
|
|
|
正题名:写电影剧本的几个问题
索取号:I053.5/147≈2
 
预约/预借
| 序号 | 登录号 | 条形码 | 馆藏地/架位号 | 状态 | 备注 |
| 1 | 0382402 | 203824022 | 第一样本阅览室/ [索取号:I053.5/147≈2] | 在馆 | |
| 2 | 0382403 | 203824031 | 第二借阅区/ [索取号:I053.5/147≈2] | 在馆 | |
| 3 | 0382404 | 203824040 | 第二借阅区/ [索取号:I053.5/147≈2] | 在馆 | |
| 4 | 0382405 | 203824059 | 第二借阅区/ [索取号:I053.5/147≈2] | 在馆 | |
| 5 | 0382406 | 203824068 | 第二借阅区/ [索取号:I053.5/147≈2] | 在馆 |